00289nam a22001217a 4500020001800000040000900018082001700027100000800044110002000052245003400072260002700106650003400133 a9780256114522 cNust a620.103bDAS aDAS aKassimali, sami aEngineering mechanics statics aSydney:bIRWIN,c1994. aEngineering mechanics statics